| 000 | 00402nam a2200181Ia 4500 | ||
|---|---|---|---|
| 008 | 210210b1958 xxu||||| |||| 00| 0 eng d | ||
| 041 | _aeng | ||
| 082 | _a825/581 | ||
| 100 | _aMUIR (K) | ||
| 245 | _aJohn Keats: a Ressessment | ||
| 260 |
_aLiverpool _b- _c1958 |
||
| 650 | _aRessessment | ||
| 650 | _aKeats: | ||
| 650 | _aJohn | ||
| 650 | _aa | ||
| 690 | _aEnglish Criticism | ||
| 906 | _a014897 | ||
| 999 |
_c134128 _d134128 |
||